000 00641nam a22002537a 4500
003 UA-OsUOA
001 22665
007 ta
008 20031223b un ||||| |||| 00| 0 ukr d
090 _a159.964
_bБ53
942 _cBK
040 _aUA-OsUOA
_brus
_cUA-OsUOA
_dUA-OsUOA
245 _aБессознательное
_bСборник статей
_cРед. Ю. В.Макогоненко
300 _a222 с.
955 _a0
041 _arus
080 _a159.964
020 _a5-7593-0196-9
260 _aНовочеркасск
_bСагуна
_c1994
246 3 1 _aТ. 1
_n
044 _aUA
650 7 _2UDC
999 _c308891
_d308891